000 00475nam a2200181Ia 4500
001 1300
005 20260306143718.0
008 260306t1986||||xx |||||||||||||| ||spa||
041 _aESP
082 _a193
_bK21 T. 2
100 _aKant, Immanuel
_eAUT
245 0 _aCrítica de la razón pura:
_bdialéctica trascendental y metodología trascendental
260 _c1986
300 _a416 páginas :
_c19 cm.
650 _aGEN
654 _aCHU
942 _cLIB
_dJUS
_fJUS
_2ddc
_n
999 _c1300
_d1300